|
|
|
|
| LEADER |
00000nam0a2200000 4500 |
| 001 |
357082 |
| 005 |
20231102010945.0 |
| 035 |
|
|
|a (RuTPU)RU\TPU\retro\14342
|
| 090 |
|
|
|a 357082
|
| 100 |
|
|
|a 20200728d1899 km y0rusy50 ca
|
| 101 |
0 |
|
|a rus
|
| 102 |
|
|
|a RU
|
| 105 |
|
|
|a y z 000zy
|
| 200 |
1 |
|
|a Экспедиция по исследованию источников главнейших рек Европейской России. Краткий предварительный отчет по работам 1898 года начальника экспедиции генерал-лейтенанта А. А. Тилло
|f А. А. Тилло
|
| 210 |
|
|
|a Санкт-Петербург
|c Типо-Литография К. Биркенфельда
|d 1899
|
| 215 |
|
|
|a 115 с.
|
| 300 |
|
|
|a Текст в русской дореформенной орфографии
|
| 606 |
1 |
|
|a Геологические экспедиции
|2 stltpush
|3 (RuTPU)RU\TPU\subj\6091
|9 34050
|
| 606 |
1 |
|
|a Реки
|x Изыскания
|2 stltpush
|3 (RuTPU)RU\TPU\subj\24841
|9 49119
|
| 610 |
1 |
|
|a Европейская Россия
|
| 610 |
1 |
|
|a Волга
|
| 610 |
1 |
|
|a Днепр
|
| 610 |
1 |
|
|a Ока
|
| 610 |
1 |
|
|a Сызрань
|
| 610 |
1 |
|
|a Дон
|
| 610 |
1 |
|
|a гидрогеологические исследования
|
| 610 |
1 |
|
|a геодезические исследования
|
| 610 |
1 |
|
|a гидротехнические исследования
|
| 610 |
1 |
|
|a отчеты
|
| 675 |
|
|
|a 550.8.02
|v 4
|
| 675 |
|
|
|a 627.1
|v 4
|
| 700 |
|
1 |
|a Тилло
|b А. А.
|c русский геодезист
|c картограф
|f 1839-1899/1900
|g Алексей Андреевич
|2 stltpush
|3 (RuTPU)RU\TPU\pers\15008
|9 5110
|
| 801 |
|
1 |
|a RU
|b 63413507
|c 20200728
|
| 801 |
|
2 |
|a RU
|b 63413507
|c 20200918
|g RCR
|
| 942 |
|
|
|c BK
|